000
00275nam a22001097a 4500
008
230704b xxu||||| |||| 00| 0 eng d
082
_a
363.73946
_b
FCO
245
_a
Tackling Population in Britain
260
_b
Foreign & Commonwealth Office
300
_a
16p
942
_2
ddc
_c
BK
999
_c
3854
_d
3854